00256 a2200109 4500001000700000020000600007040001100013100003200024240004300056245003800099362000900137167294 a  cMagnum aSilva, Ezequiel Theodoro da10aElementos de pedagogia da leituralpor10aElementos de pedagogia da leitura0 a1899